Statistics for People on UK Banknotes

Click here to take the quiz!

General Stats

  • This quiz has been taken 31 times
  • The average score is 4 of 9

Answer Stats

HintAnswer% Correct
£5 Note (2016+)Winston Churchill
85%
£10 Note (2017+)Jane Austen
58%
£10 Note (2000-2017)Charles Darwin
50%
£20 Note (2007-2020)Adam Smith
46%
£5 Note (2002-2016)Elizabeth Fry
46%
£50 Note (2021+)Alan Turing
42%
£50 Note (2011-2021)James Watt
31%
£20 Note (2020+)JMW Turner
31%
£50 Note (2011-2021)Matthew Boulton
15%

Score Distribution

Percentile by Number Answered

Percent of People with Each Score

Your Score History

You have not taken this quiz